000 00751nam a2200205 4500
003 CO-ViMGA
020 _a9789587660913
040 _aCO-ViMGA
_bspa
_cCO-ViMGA
082 0 4 _aI 529.1
_bD76c
100 1 _aDroop, Constanza
_9855
245 1 0 _aCuando cae la noche /
_cilustraciones y textos, Constanza Droop ; traducción del alemán, Zenaida Acosta
260 _aBogota :
_bPanamericana Editorial,
_c2013.
300 _a[16] páginas :
_bil. ; color ; 20 cm.
490 _a¿Qué, cómo, por qué?.
_v Júnior
500 _aPara niños de 3 años en adelante
534 _pTítulo original:
_t Wenn es dunkel wird
650 1 4 _aNoche
_v Preguntas y respuestas
_x Literatura juvenil
_9856
700 1 _aAcosta, Zenaida
_etr.
_9820
942 _2ddc
_cBK
999 _c37319
_d37319